000 00757nam a2200229 i 4500
001 bg
100 1 _aGUTKOWSKI, Bogdan
245 1 0 _aAktualne przepisy w ochronie środowiska [z suplementami :
_bporadnik /
_caut. Bogdan Gutkowski] ; Agencja Ochrony Środowiska w Koszalinie.
250 _aStan prawny na dzień 1.10.2001 r.
260 _aKoszalin :
_bAOŚ,
_c2001.
300 _a272 s. ;
_c30 cm.
650 9 _aŚrodowisko człowieka
_xhigiena i ochrona
_xprawo
_zPolska
_ystan na 2001 r.
655 _aPoradniki
710 0 _aAgencja Ochrony Środowiska (Koszalin)
020 _a8391534510
040 _cBPK
041 0 _apl
080 _a349.6(438)(083.1)
920 _a83-915345-1-0
942 _cKS
008 s pl f |000 0 pol
999 _c40149
_d40149
856 _uhttp://koha.tu.koszalin.pl/cgi-bin/koha/opac-detail.pl?biblionumber=40149
_yKatalog online BPK